| 000 | 00954nam a2200229 a 4500 | ||
|---|---|---|---|
| 001 | 000011555 | ||
| 005 | 20200929162506.0 | ||
| 008 | 091020s1951 mx 001 0 spa d | ||
| 040 |
_aDO-SdBNP _bspa _cBNPHU |
||
| 082 |
_a913.042 _bO35i |
||
| 100 | 1 |
_aO'Gorman, Edmundo, _d1906-1995. _916127 |
|
| 245 | 1 | 3 |
_aLa idea del descubrimiento de américa : _bhistoria de esa interpretación y crítica de sus fundamentos / _cEdmundo O'Gorman. |
| 260 |
_aMéxico : _bCentro de Estudios Filosóficos, _c1951. |
||
| 300 | _a417. | ||
| 490 | 1 |
_aEdiciones del IV Centenario de la Universidad de México _v5 |
|
| 500 | _aIncluye índice alfabético: p.401-413 | ||
| 504 | _aIncluye referencias bibliográficas y notas al pie de las páginas. | ||
| 650 | 4 |
_aAmérica _xDescubrimiento y exploraciones _zEspañoles _ySIGLO XVI _927366 |
|
| 830 | 0 |
_aEdiciones del IV Centenario de la Universidad de México _v5 _927367 |
|
| 910 | _aCatalogación Original | ||
| 049 | _aBNGR | ||
| 999 |
_c11250 _d11250 |
||